| 000 | 00874cam a22002775a 4500 | ||
|---|---|---|---|
| 001 | 006894896 | ||
| 003 | OSt | ||
| 005 | 20160825134917.0 | ||
| 008 | 020208t2001 nyua frb 001 0 eng d | ||
| 020 | _a0465023266 (pbk) | ||
| 020 | _a9780465023264 | ||
| 040 |
_aStDuBDS _dUk _dEG-ScBUE _beng |
||
| 082 | 0 | 4 |
_a332.49 _bFER _221 |
| 100 | 1 |
_aFerguson, Niall. _936876 |
|
| 245 | 1 | 4 |
_aThe cash nexus : _bMoney and power in the modern world, 1700-2000 / _cNiall Ferguson. |
| 260 |
_aNew York : _bBasic Books, _cc.2001. |
||
| 300 |
_axix, 552 p. : _bill. ; _c24 cm. |
||
| 500 | _aOriginally published: London: Penguin, 2001. | ||
| 500 | _aIndex : p. 533-552. | ||
| 504 | _aBibliography : p. 491-532. | ||
| 650 | 7 |
_aMoney _xHistory. _2BUEsh _936879 |
|
| 650 | 7 |
_aMonetary policy _xHistory. _2BUEsh _940742 |
|
| 651 | _2BUEsh | ||
| 653 |
_bBUSADM _cAugust 2016 |
||
| 942 | _2ddc | ||
| 999 |
_c22171 _d22143 |
||